|
|
|
|
| LEADER |
00000nab a2200000uu 4500 |
| 001 |
vtls011517891 |
| 003 |
SK-MaSNL |
| 005 |
20260305004659.0 |
| 008 |
230302|1909 xo |||||||||||||||||slo| |
| 015 |
|
|
|a SNBRB
|
| 035 |
|
|
|a (urnnbn)urn:nbn:sk:snk:ar-001wt8
|
| 035 |
|
|
|a (uuid)37baf53d-e458-4205-8f64-8595cc32a640
|
| 035 |
|
|
|a urn:nbn:sk:snk-abe6z4
|
| 040 |
|
|
|a SNKBUCL
|b slo
|c SNKBUCL
|e AACR2
|
| 041 |
0 |
|
|a slo
|
| 044 |
|
|
|a xo
|c SK
|
| 100 |
0 |
|
|a Bysterský,
|d 1856-1930
|4 aut
|9 172023
|
| 245 |
1 |
0 |
|a Z rozpomienok na Hviezdoslava
|b dozvuky k jeho jubileu
|c Bysterský
|
| 600 |
1 |
7 |
|a Hviezdoslav, Pavol Országh,
|d 1849-1921
|2 SNKMA
|9 92721
|
| 773 |
0 |
|
|t Slovenské pohľady
|g Roč. 29, č. 4 (1909), s. 225-233
|
| 958 |
|
|
|a OND
|
| 958 |
|
|
|a EUIPO
|
| 958 |
|
|
|a article21
|
| 999 |
|
|
|c 3237136
|d 3239066
|